00446 2200157 4500001002100000005001500021035002000036245007900056100001700135250001700152300003000169260003900199082001100238084001700249020002200266INLIS00000000000083120250108122043 a0010-01250000041 aEnsiklopedia Visual Ilmu Pengetahuan Populer 1 :bOlahraga /cAprio Rabadi0 aAprio Rabadi acetakan ke-1 a56 hlm :bilus ;c21,5 cm aBekasi :bUranus Publishing,c2011 a796.03 a796.03 APR e a978-602-863-739-8